| 000 | 00871cas a2200217 4500 | ||
|---|---|---|---|
| 001 | L158394 | ||
| 008 | 150113n eng u | ||
| 035 | _a(Sirsi) u158394 | ||
| 041 | 0 | _aeng | |
| 110 | 2 |
_aCushman & Wakefield _95888 |
|
| 245 | 0 | 0 |
_aMain streets across the world _h[electronic resource] |
| 490 | 0 | _aMain Streets across the world | |
| 520 | _aProvides a global barometer of the retail sector by tracking rents in the world's top 330 shopping locations across 65 countries with league tables drawn up by taking the most expensive location in each of the countries monitored. | ||
| 554 | _aAnnual | ||
| 650 | 2 | 4 | _aRETAIL |
| 650 | 2 | 4 | _aPRIME |
| 651 | 4 | _aInternational | |
| 690 |
_aCommercial property _96227 |
||
| 856 | 4 | 8 |
_uhttps://www.cushmanwakefield.com/en/research-and-insight _zView the item free of charge at www.cushmanwakefield.com |
| 942 | _n0 | ||
| 999 |
_c119405 _d119405 |
||